000 00227nam a22000977a 4500
999 _c15955
_d15955
003 OSt
008 191024b ||||| |||| 00| 0 eng d
100 _aJoseph,Anni.
_94428
245 _aMoonu college kumarikalude kadha
942 _cBK